LIBRARY & INFORMATION CENTRE, KCAET, TAVANUR

ONLINE PUBLIC ACCESS CATALOGUE (OPAC)

Normal view MARC view
  • Basilal, Pande Brij

Entry Personal Name

Number of records used in: 1

001 - CONTROL NUMBER

  • control field: 6403

003 - CONTROL NUMBER IDENTIFIER

  • control field: OSt

005 - DATE AND TIME OF LATEST TRANSACTION

  • control field: 20241107120515.0

008 - FIXED-LENGTH DATA ELEMENTS

  • fixed length control field: 241107|| aca||aabn | a|a d

040 ## - CATALOGING SOURCE

  • Original cataloging agency: OSt
  • Transcribing agency: OSt

100 ## - HEADING--PERSONAL NAME

  • Personal name: Basilal, Pande Brij

670 ## - SOURCE DATA FOUND

  • Source citation: Work cat.: (OSt)2747: Punmia , B C , Irrigation and water power engineering / , 1972.
free website counter